Obras completas / (Record no. 179938)

MARC details
000 -LEADER
campo de control de longitud fija 01054nam a2200241 i 4500
001 - NÚMERO DE CONTROL
campo de control 179938
003 - IDENTIFICADOR DE NÚMERO DE CONTROL
campo de control ES-MaACL
005 - FECHA Y HORA DE LA ÚLTIMA TRANSACCIÓN
campo de control 20250914151026.0
008 - DATOS DE LONGITUD FIJA--INFORMACIÓN GENERAL
campo de control de longitud fija 120306s2003 sp |||| | spa d
020 ## - NÚMERO INTERNACIONAL ESTÁNDAR DEL LIBRO
Número Internacional Estándar del Libro 84-89794-52-9
080 ## - NÚMERO DE LA CLASIFICACIÓN DECIMAL UNIVERSAL
Número de la Clasificación Decimal Universal 821.134.2-14"12"
100 1# - ENTRADA PRINCIPAL--NOMBRE DE PERSONA
Nombre de persona Gonzalo de Berceo.
9 (RLIN) 149511
245 10 - MENCIÓN DEL TÍTULO
Título Obras completas /
Mención de responsabilidad, etc. Gonzalo de Berceo ; [edición y prólogo de Carlos Clavería y Jorge García López].
260 ## - PUBLICACIÓN, DISTRIBUCIÓN, ETC.
Lugar de publicación, distribución, etc. Madrid :
Nombre del editor, distribuidor, etc. Fundación José Antonio de Castro,
Fecha de publicación, distribución, etc. [2003]
300 ## - DESCRIPCIÓN FÍSICA
Extensión XXXIII, 566 p. ;
Dimensiones 23 cm.
490 1# - MENCIÓN DE SERIE
Mención de serie Biblioteca Castro
505 8# - NOTA DE CONTENIDO CON FORMATO
Nota de contenido con formato Contiene: Los milagros de Nuestra Señora ; Del sacrificio de la misa ; Los signos del Juicio Final ; Himnos ; El Duelo de la Virgen ; Loores de Nuestra Señora ; Vida de San Millán de la Cogolla ; Vida de Santo Domingo de Silos ; Martirio de San Lorenzo ; Poema de Santa Oria
700 1# - ENTRADA AGREGADA--NOMBRE PERSONAL
Nombre de persona Clavería, Carlos,
Fechas asociadas al nombre 1963-
9 (RLIN) 149211
700 1# - ENTRADA AGREGADA--NOMBRE PERSONAL
Nombre de persona García López, Jorge.
9 (RLIN) 139554
830 0# - PUNTO DE ACCESO ADICIONAL DE SERIE-TÍTULO UNIFORME
Título uniforme Biblioteca Castro
9 (RLIN) 178957
852 ## - LOCALIZACIÓN
Ubicación ES-MaACL
Número de control de estantería L-29801
Holdings
Estatus retirado Estado de pérdida Estado de daño No para préstamo Biblioteca de origen Biblioteca actual Ubicación en estantería Fecha de adquisición Fuente de adquisición Total de préstamos Signatura topográfica completa Código de barras Visto por última vez Precio de reemplazo Tipo de ítem Koha
        Biblioteca del Ateneo de Madrid Biblioteca del Ateneo de Madrid Depósito 2 06/03/2012     L-29801 1189037 23/02/2023 23/02/2023 Libro impreso